| 000 | 00783nam a22002057a 4500 | ||
|---|---|---|---|
| 999 |
_c9454 _d9454 |
||
| 003 | AR-CdUCM | ||
| 008 | 190328b ||||| |||| 00| 0 spa d | ||
| 040 |
_aMUNICIPALIDAD PROVINCIAL DEL CUSCO _cBIBLIOTECA MUNICIPAL DEL CUSCO |
||
| 082 |
_a113 / _bH14 / 1899 |
||
| 100 |
_aHaeckel, Ernesto _925652 |
||
| 245 | _aLos enigmas del universo / | ||
| 260 |
_aValencia : _bF. sempere y compañia, _c[1899] |
||
| 300 |
_a256 páginas ; _c19 cm. |
||
| 505 | _aContenido: t.1. Como se plantean los enigmas del universo -- Como esta construido nuestro cuerpo -- Nuestra vida -- Nuestro embriología -- Nuestra geneología ... | ||
| 650 |
_aReligión y ciencia _925653 |
||
| 650 |
_aMonismo _925654 |
||
| 700 |
_aLitrán, Cristóbal (traductor) _925655 |
||
| 942 |
_2ddc _cLIBROS |
||
| 945 | _aacv | ||